Kontrola ako záruka zákonnosti a ústavnosti pri výkone verejnej správy

Bibliographic Details
Main Author: Kováčová, Eleonóra, 1977- (Author)
Format: Book
Language:Slovak
PhysicalDescription:148 s. 21 cm
Published: Banská Bystrica Belianum Univerzita Mateja Bela 2016
ISBN:9788055712024
Edition:1. vyd.
Series:Fakulta politických vied a medzinárodných vzťahov
Subjects:

MARC

LEADER 00000cam a2200000 a 4500
001 vtls011624404
003 SK-MaSNL
005 20260425230618.0
008 200115s2016 xo e np 000 0 slo
015 |a SNBA2017/06 
020 |a 9788055712024  |q (brož.) 
035 |a urn:nbn:sk:snk-am00cxcp 
035 |a urn:nbn:sk:snk-am3hmcl 
035 |a B04BD20E-3CD6-4253-AA67-D366951F0120 
040 |a SNK  |b slo  |c SNK  |e AACR2 
041 0 |a slo 
043 |a e-xo--- 
044 |a xo  |c SK 
072 7 |a 35.07  |x Organizácia a riadenie verejnej správy  |2 konspekt 
080 |a 35  |2 2011 
080 |a 3.078.3  |2 2011 
080 |a (437.6)  |2 2011 
080 |a (075.8)  |2 2011 
100 1 |a Kováčová, Eleonóra,  |d 1977-  |4 aut  |9 261771 
245 1 0 |a Kontrola ako záruka zákonnosti a ústavnosti pri výkone verejnej správy  |c Eleonóra Kováčová 
250 |a 1. vyd. 
260 |a Banská Bystrica  |b Belianum  |b Univerzita Mateja Bela  |c 2016 
300 |a 148 s.  |c 21 cm 
366 |e 366 výtlačkov 
490 1 |a Fakulta politických vied a medzinárodných vzťahov 
504 |a Bibliografia na strane 139-148 ; bibligrafické odkazy ; poznámky 
650 0 7 |a verejná správa  |2 SNKPH  |9 1538 
650 0 7 |a Public administration  |2 SNKPHeng  |9 266247 
650 0 7 |a kontrolná činnosť  |2 SNKPH  |9 72456 
650 0 7 |a Inspection  |2 SNKPHeng  |9 313575 
651 7 |a Slovensko  |2 SNKPH  |9 14231 
651 7 |a Slovakia  |2 SNKPHeng  |9 92630 
655 7 |a učebnice vysokých škôl  |2 SNKPH  |9 70191 
655 7 |a Textbooks (higher)  |2 SNKPHeng  |9 276436 
810 2 |a Univerzita Mateja Bela v Banskej Bystrici.  |t Fakulta politických vied a medzinárodných vzťahov  |9 124598 
852 |a Štátna vedecká knižnica v Banskej Bystrici 
919 |a 978-80-557-1202-4 
958 |a NB 
999 |c 680839  |d 682769 
952 |a SNK  |b SNK  |y PREZ  |7 0  |p 17A1258983  |o snkSC 174640  |i snk2017/11476  |8 0  |0 0  |1 0  |4 0  |d 2017-05-17  |f 1  |l 0  |r 2025-09-16 00:00:00  |w 2026-02-23 
952 |a SNK  |b SNK  |y VYP  |7 0  |p 17A1258984  |o snkSC 174640 D1  |i snk2017/11477  |8 0  |0 0  |1 0  |4 0  |d 2017-05-17  |l 0  |r 2026-02-23 19:56:09  |w 2026-02-23